Μέσα ενημέρωσης και παιδί : οι επιπτώσεις της τηλεόρασης των βιντεοπαιχνιδιών και των κομπιούτερ

Αποθηκεύτηκε σε:
Λεπτομέρειες βιβλιογραφικής εγγραφής
Κύριος συγγραφέας: Greenfield, Patricia Marks
Μορφή: Βιβλίο
Γλώσσα:Greek
English
Δημοσίευση: Αθήνα : Π. Κουτσουμπός, c1988.
Σειρά:Εμείς και τα παιδιά μας. Από τη γέννηση μέχρι την εφηβεία (Κουτσουμπός)
Θέματα:
Ετικέτες: Προσθήκη ετικέτας
Δεν υπάρχουν, Καταχωρήστε ετικέτα πρώτοι!

MARC

LEADER 00000cam a2200000 i 4500
001 1/94359
008 940824s1988 gr | ||| |||| ||gre||
035 |l 10009195 
040 |a GR-MyUA  |b gre  |e AACR2 
041 1 |a gre  |h eng 
082 7 |a 302.23   |2 (22) 
100 1 |a Greenfield, Patricia Marks. 
245 1 0 |a Μέσα ενημέρωσης και παιδί :   |b οι επιπτώσεις της τηλεόρασης των βιντεοπαιχνιδιών και των κομπιούτερ /   |c Patricia Marks Greenfield.  
260 |a Αθήνα :   |b Π. Κουτσουμπός,   |c c1988.  
300 |a 223 σ. :   |b σχέδια ;  
490 1 |a (Εμείς και τα παιδιά μας. Από τη γέννηση μέχρι την εφηβεία / Κουτσουμπός)  
500 |a Τίτλος πρωτοτύπου: Mind and media.  
504 |a Περιέχει ευρετήριo.  
650 0 0 |a Mass media and children. 
830 0 |a Εμείς και τα παιδιά μας.   |p Από τη γέννηση μέχρι την εφηβεία (Κουτσουμπός) 
852 |a INST  |b LESVOS  |e 19940824  |h 302.23 GRE  |p 005100006278  |q 005100006278  |t BK  |y 0 
909 |a Λ  |b 035137 
970 |z 24/08/1994